Score 0/25 Timer 05:00
1 Play Today
% Correct
ham
89.7%
hip
89.4%
hen
89%
hoe
88.3%
him
87.6%
hop
87.6%
hi
86.7%
hut
86.1%
hard
85.2%
her
84%
hum
82.7%
hem
82.7%
hog
82.5%
% Correct
hit
82%
hew
82%
hot
81.9%
hick
81.6%
has
81.1%
had
80.1%
his
79.7%
here
76.9%
hid
76%
hag
75.4%
hat
74.6%
home
56.6%

You're not logged in!

Compare scores with friends on all Sporcle quizzes.
OR
Log In

Sporcle TV

Today on Sporcle TV


Watch our educational content, quiz creation guides, and fun videos on Sporcle TV.

Show Comments

Extras

Top Quizzes Today


Score Distribution

Your Account Isn't Verified!

In order to create a playlist on Sporcle, you need to verify the email address you used during registration. Go to your Sporcle Settings to finish the process.

Report this User

Report this user for behavior that violates our Community Guidelines.

Details: